| 000 | 01222nam a22003497a 4500 | ||
|---|---|---|---|
| 003 | CHAP | ||
| 005 | 20220329141113.0 | ||
| 008 | 971014s1997 r 00010 d | ||
| 010 | _a62612 | ||
| 011 | _a63584 | ||
| 035 | _a67760 | ||
| 040 | _cCHAP | ||
| 090 | _aTesis | ||
| 100 | 0 | 0 |
_aLópez Martínez, Arturo. _968080 |
| 245 | _aComportamiento de cultivares de zacate rye grass anual (Lolium multiflorum) en la región noreste de México | ||
| 260 |
_aMarín, N.L. : _bEl autor, _c1997 |
||
| 300 |
_a30 h. _b: ilus. ; gráfs. |
||
| 502 | _aTesis (Ing. Agr. Zootecnista) -- Universidad Autónoma de Nuevo León. Facultad de Agronomía | ||
| 590 |
_aALEPH _b10 _c20130110 _lUCH01 _h1345 |
||
| 590 |
_aBATCH-UPD _b10 _c20130110 _lUCH01 _h0400 |
||
| 590 |
_aBATCH-UPD _b10 _c20130110 _lUCH01 _h2251 |
||
| 590 |
_aBATCH-UPD _b10 _c20130410 _lUCH01 _h0033 |
||
| 590 |
_aBATCH-UPD _b10 _c20130410 _lUCH01 _h1544 |
||
| 590 |
_aBATCH-UPD _b10 _c20130914 _lUCH01 _h1729 |
||
| 590 |
_aCONVERSION _b10 _c20130109 _lUCH01 _h1334 |
||
| 650 | 1 | 4 |
_aLolium multiflorum. _967504 |
| 650 | 1 | 4 |
_aLolium perenne. _967505 |
| 650 | 1 | 4 |
_aPastos _xMéxico. _986062 |
| 901 | _aBK | ||
| 942 | _cTESIS | ||
| 949 |
_bBC _cTES _d-153145 _eTS1 _h31275 _i67760 _si |
||
| 999 |
_c62612 _d62612 |
||